Theologie Des Islam (Record no. 4263)

MARC details
000 -LEADER
fixed length control field 00570nam a2200241 a 4500
020 ## - INTERNATIONAL STANDARD BOOK NUMBER
ISBN
082 00 - DEWEY DECIMAL CLASSIFICATION NUMBER
Classification number 297.2
Author Cutter HOR1
100 ## - MAIN ENTRY--AUTHOR NAME
Author name Horten, M
245 ## - TITLE STATEMENT
Title Theologie Des Islam
Sub title Razi and Tusi
260 ## - PUBLICATION, DISTRIBUTION, ETC. (IMPRINT)
Place of publication Leipzig
Name of publisher Otto Harrassowitz
Year of publication 1912
300 ## - PHYSICAL DESCRIPTION
Number of Pages 384p
500 ## - GENERAL NOTE
General note includes index and biblioraphy
505 2# - FORMATTED CONTENTS NOTE
Formatted contents note Index
650 ## - SUBJECT ADDED ENTRY--TOPICAL TERM
Topical Term Islam-Doctrines
942 ## - ADDED ENTRY ELEMENTS (KOHA)
Koha item type Books
700 1# -
-- Horten, M
Holdings
Collection code Home library Current library Date acquired Cost, normal purchase price Full call number Accession Number Koha item type
  Henry Martyn Institute Library Henry Martyn Institute Library 07/05/2007 100.00 297.2 HOR1 07956 Books
                   Copyright © 2026 | Henry Martyn Institute | Hyderabad | TS-500052 | INDIA | Implemented by hmi.edu.in
Hit-Count:

Powered by Koha